000 01055nam a2200277Ia 4500
003 OSt
005 20221005104447.0
006 a|||||r|||| 00| 0
007 ta
008 221004b |||||||| |||| 00| 0 san d
020 _a9789385957109 (hbk)
_cINR 595.00
024 _a66062
037 _b287, 22/01/2020, Eastern Book Linkers
_cTextual
040 _aCRL
_cCRL
_bsan
041 _2san
_asan
082 _aO15,1:g, 152Q9
100 _aकेवट, महेश, ले.
245 0 _aहेमचन्द्र और उनका काव्यानुशासन
246 _aHemachandra aur unakā kāvyānushāsana
260 _aदिल्ली
_bमीना बुक पब्लिशिंग भारत
_c2019
300 _a164पृ0
_ccm.
650 _a संस्कृत साहित्य
650 _aसंस्कृत कविता
942 _hO15,1:g, 152Q9
_cTEXL
_2cc
999 _c1012777
_d1012777